=LDR 00000nam 2200000 4500 =001 INLIS000000000044665 =005 20131008110421 =008 ***********************************Ind** =035 ##$$0010-101300000002587 =041 ##$$a Ind =082 ##$$a 813 =090 ##$$a 813 , Bur s =100 ##$$a Burnet, Frances Hodgson =245 ##$$a the secret garden , Frances Hodgson Burnett =260 ##$$a 2010 $b Jakarta =300 ##$$a 320 hal. , 21 cm =850 ##$$a NBPNMAT =990 ##$$a 93309/BPAP-NTB/2014 =990 ##$$a 0001/BPAP-NTB/2016 =990 ##$$a 21100670 =990 ##$$a 0001/BPAP-NTB/2016